1990 1677 1029 1353 1541 1659 1074 1486 1047 1854 1455 1506 1485 1492 1573 1039 1407 1199 1652 1530 1994 1232 1475 1605 1051 1104 1861 1039 1534 1431 1214 1670 1186 1058 1422 1029 1778 1483 1980 1776 1547 1537 1490 1754 1107 1131 1656 1944 1670 1679 1591 1507 1971 1622 1078 1981 1277 1034 1093 1791 1974 1523 1723 1471 1469 1485 1860 1429 1984 1780 1447 1688 1278 1492 1511 1573 1205 1114 1563 1322 1735 1092 1800 1424 1572 1845 1965 1744 1255 1614 1519 1250 1282 1653 1950 1877 1782 1279 1490 BCNSPRNW ULIB Ver.6.0+V

เปลี่ยนเป็นภาษาไทย

Change to English
 แสดงรายละเอียดบรรณานุกรม
  กลับหน้าหลัก

Brief Record : Get Marc (ISO 2709) : E-mail record : QR code < ปิดหน้าต่าง
LEADER : 00000nam 2200000uu 4500
001    13399111836
003     ULIB
008    110627s2552||||th 000 0 tha d
020    9789749935583
090    นว.^bภ478ต 2552
100 0  ภาวิน
245 00 ตะวันฉายในม่านเมฆ/^cภาวิน
250    พิมพ์ครั้งที่ 1
260    กรุงเทพฯ :^bอรุณ,^c2552
300    344 หน้า
945    ^p229^l0^i028080
995    ทศพร
999 ^a ใช้งานได้ทุกระบบ
รายการนี้ยังไม่มีแท็ก
คุณยังไม่ได้ล็อกอิน คุณสามารถมีกิจกรรมร่วมกับเว็บไซต์ได้ แต่ต้องล็อกอินก่อน ::
  ล็อกอิน

รายการสื่อสารสนเทศ

ลำดับที่ ประเภท เลขเรียก/บาร์โค้ด สถานที่ สถานะ
- ไม่พบข้อมูล -

รายการใกล้เคียง
    ผู้แต่ง [ภาวิน]

BibComment


ยังไม่เคยถูกคอมเมนท์

คอมเมนท์ทรัพยากรรายการนี้
  คอมเมนท์: ตะวันฉายในม่านเมฆ..


 Copyright 2026. Bcnsprnw @Library